Caribbean Sea Countries - Statistics

General Stats
  • This quiz has been taken 118 times
  • The average score is 22 of 25
Answer Stats
Answer % Correct
Barbados
98%
Jamaica
96%
Cuba
95%
Dominican Republic
95%
Haiti
95%
Antigua and Barbuda
94%
Dominica
94%
Saint Lucia
94%
Bahamas
92%
Saint Kitts and Nevis
92%
Trinidad and Tobago
91%
Saint Vincent and the Grenadines
90%
Panama
88%
United States
88%
Belize
86%
Costa Rica
86%
Mexico
86%
Nicaragua
86%
Suriname
86%
Venezuela
86%
Honduras
85%
Guatemala
84%
Colombia
83%
Guyana
81%
Grenada
78%
No matching quizzes found
Score Distribution
Percent of People with Each Score
Percentile by Number Answered
Your Score History
You have not taken this quiz